000 00324nam a2200121Ia 4500
008 240731s9999 xx 000 0 und d
022 _a2169-0014
245 0 _aJournal of Statistics and Management Systems
260 _bTaylor & Francis
856 _uhttps://www.tandfonline.com/loi/tsms20
942 _2ddc
942 _cTFEJ
999 _c78191
_d78191
945 _a1
_bMadushi Gamage
_c1
_dMadushi Gamage